[Event "ICS rated blitz match"]
[Site "204.178.125.65"]
[Date "2000.07.06"]
[Round "?"]
[White "Hossa"]
[Black "QueenMaxima"]
[Result "1-0"]
[WhiteElo "2498"]
[BlackElo "2511"]
[PlyCount "203"]
[EventDate "2000.??.??"]

1. d4 Nf6 2. c4 e6 3. Nf3 b6 4. g3 Ba6 5. Qb3 Nc6 6. Nbd2 Na5 7. Qc2 c5 8. e4
cxd4 9. e5 Nh5 10. Nxd4 Qc7 11. f4 Bc5 12. Bg2 Rc8 13. Qc3 Bxd4 14. Qxd4 Nxc4
15. Ne4 Bb7 16. b3 Bxe4 17. Bxe4 Na5 18. Bb2 Nc6 19. Qd1 g6 20. O-O Ng7 21. Ba3
Nf5 22. Qd2 h5 23. Rac1 Nfd4 24. Bd6 Qd8 25. Bxc6 Nxc6 26. Rc3 h4 27. g4 h3 28.
Rff3 Qh4 29. Rg3 Ne7 30. Bxe7 Kxe7 31. Rcd3 Rcd8 32. g5 Ke8 33. Rc3 a6 34. Rc7
Rh7 35. Ra7 a5 36. Rb7 Rg7 37. Rxb6 a4 38. bxa4 Rg8 39. Rb7 Kf8 40. a5 Kg7 41.
a6 Rb8 42. a4 Rgc8 43. Rxb8 Rxb8 44. a7 Ra8 45. Qd4 Kh7 46. Kf1 Kg7 47. Qe3 Qh8
48. Qc5 Qf8 49. Qxf8+ Kxf8 50. Rxh3 Rxa7 51. Ra3 Ke7 52. h3 d5 53. Ke2 Kd7 54.
Ke3 Kc6 55. Kd4 Kb6 56. f5 gxf5 57. a5+ Kc6 58. a6 f4 59. Ra1 Kb6 60. h4 Rc7
61. a7 Rxa7 62. Rxa7 Kxa7 63. h5 Kb6 64. g6 fxg6 65. hxg6 f3 66. Ke3 d4+ 67.
Kxf3 d3 68. Ke3 Kc6 69. Kxd3 Kd5 70. g7 Kxe5 71. Ke3 Kf6 72. g8=Q Ke5 73. Qg5+
Kd6 74. Kd4 Kc7 75. Kc5 Kd7 76. Qg7+ Kd8 77. Qg8+ Ke7 78. Qg6 e5 79. Kd5 Kd7
80. Qg7+ Kd8 81. Qg8+ Ke7 82. Qg5+ Kd7 83. Qg4+ Kc7 84. Qc4+ Kd7 85. Qc6+ Ke7
86. Qe6+ Kf8 87. Qf6+ Kg8 88. Qg6+ Kh8 89. Qh6+ Kg8 90. Ke6 e4 91. Qg6+ Kh8 92.
Qf6+ Kg8 93. Qg5+ Kh8 94. Qh5+ Kg7 95. Qg4+ Kf8 96. Qf4+ Kg7 97. Qg3+ Kf8 98.
Qa3+ Kg7 99. Qc3+ Kh6 100. Qf6+ Kh5 101. Kf5 e3 102. Qh8# 1-0

[Event "ICS rated blitz match"]
[Site "204.178.125.65"]
[Date "2000.07.06"]
[Round "?"]
[White "QueenMaxima"]
[Black "Hossa"]
[Result "1/2-1/2"]
[WhiteElo "2494"]
[BlackElo "2515"]
[PlyCount "99"]
[EventDate "2000.??.??"]

1. e4 c5 2. Nf3 d6 3. d4 cxd4 4. Nxd4 Nf6 5. Nc3 Nc6 6. Bg5 e6 7. Qd2 a6 8.
O-O-O h6 9. Be3 Nxd4 10. Bxd4 b5 11. f4 Bb7 12. e5 dxe5 13. Bxe5 Qxd2+ 14. Rxd2
Bb4 15. Rd3 Be7 16. Rg3 O-O 17. Bd3 Nh5 18. Re3 f6 19. Bc7 Rfc8 20. Be2 Rxc7
21. Bxh5 b4 22. Na4 Bxg2 23. Rd1 Bc6 24. b3 Bxa4 25. bxa4 Rac8 26. Bg6 Rc6 27.
Kb1 Bc5 28. Red3 Bb6 29. Rd7 a5 30. Re7 Bc5 31. Red7 Rf8 32. Be4 Rcc8 33. a3
bxa3 34. Ka1 Rb8 35. R1d3 f5 36. Bc6 Rb4 37. Rg3 Kh8 38. c3 Rxf4 39. Rgxg7 Rf1+
40. Ka2 Rf2+ 41. Ka1 Rf6 42. Rh7+ Kg8 43. Rdg7+ Kf8 44. Rd7 Rf1+ 45. Ka2 Kg8
46. Rhg7+ Kh8 47. Rh7+ Kg8 48. Rhg7+ Kh8 49. Rh7+ Kg8 50. Rhg7+ 1/2-1/2

[Event "ICS rated blitz match"]
[Site "204.178.125.65"]
[Date "2000.07.06"]
[Round "?"]
[White "Hossa"]
[Black "ChessPal"]
[Result "0-1"]
[WhiteElo "2514"]
[BlackElo "2497"]
[PlyCount "146"]
[EventDate "2000.??.??"]

1. d4 f5 2. g3 e6 3. c4 Nf6 4. Nc3 Bb4 5. Nf3 Ne4 6. Qc2 Nc6 7. Bg2 Na5 8. c5
Bxc3+ 9. bxc3 O-O 10. O-O d6 11. cxd6 cxd6 12. c4 Qc7 13. c5 dxc5 14. Ng5 Nd6
15. Bf4 c4 16. d5 e5 17. Bxe5 Qe7 18. Bf4 h6 19. Nf3 b6 20. Ne5 Re8 21. Qc3 Qf6
22. h4 g5 23. hxg5 hxg5 24. e3 gxf4 25. exf4 Kh7 26. Rad1 Ba6 27. Bf3 Rh8 28.
Kg2 Kg7 29. Rh1 Rag8 30. Bh5 Bb5 31. Rde1 Be8 32. Bxe8 Rxe8 33. Rxh8 Rxh8 34.
Kf3 Rh2 35. Re2 Kh7 36. Qb4 Qd8 37. Qb1 Ne4 38. Qg1 Rh6 39. Kg2 Qxd5 40. f3 Nd6
41. Qf2 Nab7 42. Rd2 Qg8 43. g4 fxg4 44. fxg4 Nc5 45. Qf3 a5 46. Kg1 b5 47. g5
Nce4 48. Rg2 Rh4 49. Qe3 Qd5 50. Nf3 Qd1+ 51. Ne1 Qh5 52. Kf1 Rh1+ 53. Rg1 c3
54. Nf3 Nd2+ 55. Kf2 Rh2+ 56. Nxh2 Qxh2+ 57. Ke1 Qxg1+ 58. Qxg1 Nf3+ 59. Kd1
Nxg1 60. Kc2 b4 61. Kd1 Nf5 62. Ke1 a4 63. Kd1 Ne3+ 64. Ke1 b3 65. axb3 axb3
66. Kf2 c2 67. Kxe3 c1=Q+ 68. Kd4 b2 69. g6+ Kxg6 70. Kd5 b1=Q 71. Ke6 Qe4+ 72.
Kd7 Qcc6+ 73. Kd8 Qee8# {Hossa checkmated} 0-1

[Event "ICS rated standard match"]
[Site "204.178.125.65"]
[Date "2000.07.06"]
[Round "?"]
[White "Hossa"]
[Black "ada"]
[Result "1-0"]
[WhiteElo "2292"]
[BlackElo "2113"]
[PlyCount "83"]
[EventDate "2000.??.??"]

1. e4 e6 2. d4 d5 3. e5 c5 4. Nf3 Nc6 5. Bb5 Qb6 6. Nc3 Bd7 7. Bxc6 Bxc6 8. O-O
Ne7 9. dxc5 Qxc5 10. Be3 Qa5 11. Nd4 Ng6 12. Nxc6 bxc6 13. a3 Nxe5 14. Bd4 Nd7
15. Re1 c5 16. b4 Qd8 17. bxc5 Nxc5 18. Qh5 Qd7 19. Nxd5 O-O-O 20. Bxc5 Bxc5
21. Nb4 Bxb4 22. axb4 Qc7 23. Qg5 g6 24. Qb5 Rd5 25. Qa6+ Kb8 26. c4 Rd6 27.
Qb5+ Rb6 28. Qa4 Rd8 29. c5 Rb7 30. c6 Rb6 31. b5 Rd5 32. Reb1 e5 33. Rb3 f5
34. Re1 e4 35. Ra1 g5 36. Rb4 h5 37. Rbb1 h4 38. Qc4 Re5 39. Qg8+ Qc8 40. c7+
Kb7 41. Rxa7+ Kxa7 42. Qxc8 {ada resigns} 1-0

[Event "ICS rated blitz match"]
[Site "204.178.125.65"]
[Date "2000.07.06"]
[Round "?"]
[White "Hossa"]
[Black "MissSilicon"]
[Result "1-0"]
[WhiteElo "2497"]
[BlackElo "2705"]
[PlyCount "161"]
[EventDate "2000.??.??"]

1. e4 c5 2. Nf3 Nc6 3. Bb5 g6 4. O-O Bg7 5. Bxc6 dxc6 6. h3 Be6 7. d3 Qb6 8.
Nc3 Rd8 9. Ng5 Bc8 10. Qe1 Nf6 11. e5 Nd5 12. e6 fxe6 13. Nxe6 Bxe6 14. Qxe6
Nxc3 15. bxc3 Bxc3 16. Bg5 Qc7 17. Rab1 Rd5 18. Bh6 b5 19. Rb3 Bd4 20. c3 Bf6
21. c4 Rd6 22. Qe2 bxc4 23. dxc4 Rd7 24. Re1 Rd4 25. Re3 e5 26. f4 Qd7 27. fxe5
Bh4 28. Rb3 Qe6 29. Rb8+ Rd8 30. Reb1 a5 31. Rxd8+ Bxd8 32. Rb7 Qc8 33. Qb2 Bc7
34. Bg7 Rg8 35. Bf6 Rf8 36. Qb1 Rf7 37. a3 Kf8 38. Ra7 Kg8 39. Qb7 Qxb7 40.
Rxb7 Kf8 41. Kf2 Bd6 42. Rxf7+ Kxf7 43. Ke3 Ke6 44. Ke4 Bc7 45. a4 h5 46. Kf4
h4 47. Ke4 Bb8 48. Bd8 Bxe5 49. Bxa5 Bf6 50. Bd2 Be7 51. a5 Kd7 52. Ke5 Kc7 53.
Ke6 Bd8 54. Kf7 g5 55. Kg6 Kb7 56. Bxg5 Bxa5 57. Bxh4 Bc3 58. Bf6 Bd2 59. h4
Kc7 60. h5 Kd6 61. h6 Bxh6 62. Kxh6 Ke6 63. Kg6 Kd7 64. Kf7 Kd6 65. Be5+ Kxe5
66. Ke7 Kd4 67. g4 Ke5 68. Kd7 Kd4 69. Kxc6 Kxc4 70. g5 Kb4 71. g6 c4 72. g7 c3
73. g8=Q Ka3 74. Qg2 Kb3 75. Kb5 c2 76. Qd2 Kb2 77. Ka4 Ka2 78. Qxc2+ Ka1 79.
Qd2 Kb1 80. Kb3 Ka1 81. Qd1# 1-0

[Event "ICS rated blitz match"]
[Site "204.178.125.65"]
[Date "2000.07.06"]
[Round "?"]
[White "MissSilicon"]
[Black "Hossa"]
[Result "1-0"]
[WhiteElo "2680"]
[BlackElo "2522"]
[PlyCount "109"]
[EventDate "2000.??.??"]

1. f4 d5 2. Nf3 g6 3. d4 Nf6 4. e3 Bg7 5. Bd3 O-O 6. c3 c5 7. dxc5 Qc7 8. b4 b6
9. cxb6 axb6 10. O-O Ne4 11. Bb2 Nd6 12. Be2 Bb7 13. a4 Rc8 14. Nd4 Ne4 15. Nb5
Qd7 16. Qb3 Qe6 17. Rd1 Nd7 18. Qc2 Ndf6 19. Nd4 Qd6 20. Nd2 Nxd2 21. Qxd2 Ne4
22. Qd3 Ba6 23. b5 Bb7 24. Bf3 Qc7 25. Bg4 Rd8 26. h3 Bc8 27. Bf3 Nc5 28. Qc2
Bb7 29. Kh1 Ne4 30. Bg4 Bc8 31. Bxc8 Bxd4 32. Rxd4 Raxc8 33. Qb3 e6 34. a5 bxa5
35. b6 Qc5 36. Rb1 Rc6 37. Ba3 Qxc3 38. Qa4 Qxe3 39. Qxc6 Nf2+ 40. Kh2 Qxa3 41.
b7 Rb8 42. Ra4 Qf8 43. Qc7 Ne4 44. Rxa5 Kg7 45. Rb6 Kh6 46. Rba6 Nd6 47. Rxd6
Rxb7 48. Qxb7 Qxd6 49. Qxf7 e5 50. Ra7 exf4 51. h4 Kh5 52. Kh3 Qe6+ 53. Qxe6
Kh6 54. Qxd5 g5 55. Qxg5# {Hossa checkmated} 1-0

[Event "ICS rated standard match"]
[Site "204.178.125.65"]
[Date "2000.07.06"]
[Round "?"]
[White "MODIFICADOR"]
[Black "Hossa"]
[Result "0-1"]
[WhiteElo "2171"]
[BlackElo "2294"]
[PlyCount "38"]
[EventDate "2000.??.??"]

1. d4 f5 2. Nf3 Nf6 3. g3 e6 4. Bg2 Nc6 5. O-O Be7 6. c4 O-O 7. Nc3 d6 8. Qc2
e5 9. dxe5 dxe5 10. Rd1 Bd7 11. Ng5 Nd4 12. Qb1 Bc6 13. e3 Ne2+ 14. Kh1 Nxc3
15. Rxd8 Rfxd8 16. Bxc6 Rd1+ 17. Kg2 Nxb1 18. Bxb7 Rb8 19. Bf3 Rxc1 {
MODIFICADOR resigns} 0-1

[Event "ICS rated standard match"]
[Site "204.178.125.65"]
[Date "2000.07.06"]
[Round "?"]
[White "Hossa"]
[Black "Alex72"]
[Result "1-0"]
[WhiteElo "2297"]
[BlackElo "1965"]
[PlyCount "24"]
[EventDate "2000.??.??"]

1. e4 e5 2. Nf3 d5 3. Nxe5 dxe4 4. Bc4 Qg5 5. Bxf7+ Ke7 6. d4 Qxg2 7. Rf1 Nd7
8. Bc4 Nxe5 9. dxe5 Be6 10. Bxe6 Kxe6 11. Nc3 Rd8 12. Qxd8 Bc5 1-0

[Event "ICS Rated blitz match"]
[Site "204.178.125.65"]
[Date "2000.07.06"]
[Round "?"]
[White "Hossa"]
[Black "MissSilicon"]
[Result "1-0"]
[WhiteElo "2513"]
[BlackElo "2689"]
[PlyCount "93"]
[EventDate "2000.??.??"]

1. e4 e5 2. Nf3 Nc6 3. Bb5 a6 4. Ba4 Nf6 5. O-O Nxe4 6. Re1 Nc5 7. Bxc6 dxc6 8.
d4 Ne6 9. Nxe5 Be7 10. Be3 O-O 11. Nc3 f6 12. Nd3 Re8 13. Ne2 Qd5 14. a3 Bd6
15. Nc3 Qf5 16. Bd2 Bd7 17. Re4 Re7 18. Qf1 Qh5 19. Bf4 Nxf4 20. Nxf4 Bxf4 21.
Rxf4 Rae8 22. f3 f5 23. d5 Qh6 24. Rb4 b5 25. dxc6 Bxc6 26. Rd4 Qe3+ 27. Qf2
Qg5 28. Rad1 Re3 29. h4 Qe7 30. Rd8 Rxd8 31. Rxd8+ Kf7 32. Rd1 f4 33. Qd2 Qxh4
34. Nd5 Bxd5 35. Qxd5+ Kg6 36. Qc6+ Kh5 37. Qxa6 Re1+ 38. Rxe1 Qxe1+ 39. Kh2
Qh4+ 40. Kg1 Qg5 41. Qe6 Qc5+ 42. Kh2 Qg5 43. c4 bxc4 44. Qg4+ Qxg4 45. fxg4+
Kg5 46. a4 h5 47. gxh5 1-0

[Event "ICS rated blitz match"]
[Site "204.178.125.65"]
[Date "2000.07.06"]
[Round "?"]
[White "MissSilicon"]
[Black "Hossa"]
[Result "1/2-1/2"]
[WhiteElo "2666"]
[BlackElo "2536"]
[PlyCount "218"]
[EventDate "2000.??.??"]

1. Nf3 Nf6 2. c4 d6 3. d4 c5 4. dxc5 Qa5+ 5. Nc3 Qxc5 6. e4 Ng4 7. Qc2 Na6 8.
a3 Bd7 9. h3 Ne5 10. Nxe5 Qxe5 11. Be3 e6 12. O-O-O Be7 13. Kb1 O-O 14. c5 d5
15. Bxa6 bxa6 16. exd5 exd5 17. Nxd5 Bd8 18. Bf4 Qe6 19. Rhe1 Qc6 20. Bd6 Re8
21. Rxe8+ Bxe8 22. f3 Rc8 23. Qe4 h6 24. Re1 Bd7 25. Ne7+ Bxe7 26. Qxc6 Bxc6
27. Rxe7 g5 28. Rxa7 Ra8 29. Rxa8+ Bxa8 30. Kc2 f5 31. Kd3 Kf7 32. Kd4 Ke6 33.
Bf8 h5 34. Bd6 Bc6 35. b3 Bb5 36. Bc7 Bf1 37. g4 fxg4 38. fxg4 hxg4 39. hxg4
Bh3 40. Bd8 Bxg4 41. Bxg5 Kf5 42. Bd2 Ke6 43. Ba5 Bd1 44. Kc3 Kd7 45. Kb4 Bf3
46. Bb6 Bc6 47. Kc4 Kc8 48. Ba5 Kb7 49. Bc3 Bf3 50. Kb4 Bd5 51. Ka4 Be6 52. b4
Bc4 53. Ka5 Bd3 54. Be5 Bc4 55. Bh2 Bd3 56. Bd6 Bc4 57. Bf4 Be2 58. Bg3 Bd3 59.
Bh4 Bc4 60. a4 Kc6 61. Bg5 Bd3 62. Bf4 Bc4 63. Be3 Bd3 64. Bd4 Bc4 65. Bf2 Bd3
66. Be3 Bc4 67. Bf4 Bd3 68. Be5 Bc4 69. Bc3 Bd3 70. Bg7 Bc4 71. Bh6 Bd3 72. Bf8
Bc4 73. Bd6 Bd3 74. Bg3 Bc4 75. Bh4 Bd3 76. Bf2 Bc4 77. Bd4 Bd3 78. Bb2 Be2 79.
Bf6 Bd3 80. Bg5 Bc4 81. Bd2 Bf1 82. Bc1 Bd3 83. Ba3 Bf1 84. b5+ axb5 85. axb5+
Bxb5 86. Kb4 Bd3 87. Bc1 Be2 88. Be3 Bf1 89. Bd4 Be2 90. Be5 Bf1 91. Bg3 Be2
92. Bh2 Bf1 93. Bf4 Be2 94. Bh6 Bf1 95. Bf8 Be2 96. Bg7 Bf1 97. Bf6 Be2 98. Bd4
Bf1 99. Be5 Be2 100. Bf4 Bf1 101. Be3 Be2 102. Bf2 Bf1 103. Be1 Be2 104. Bd2
Bf1 105. Bh6 Be2 106. Bg5 Bf1 107. Bd8 Be2 108. Bf6 Bf1 109. Be7 Be2 1/2-1/2

[Event "ICS rated blitz match"]
[Site "204.178.125.65"]
[Date "2000.07.06"]
[Round "?"]
[White "Hossa"]
[Black "MissSilicon"]
[Result "0-1"]
[WhiteElo "2542"]
[BlackElo "2660"]
[PlyCount "136"]
[EventDate "2000.??.??"]

1. e4 e6 2. d4 d5 3. e5 c5 4. Nf3 Nc6 5. Bb5 Bd7 6. Nc3 cxd4 7. Nxd4 Nxe5 8.
O-O Bb4 9. Bd2 Bc5 10. Nb3 Bd6 11. Qe2 Ne7 12. f4 N5c6 13. Bd3 a6 14. Be3 Nb4
15. Nc5 Bxc5 16. Bxc5 Rc8 17. Qe3 Nxd3 18. cxd3 Nf5 19. Qf2 Qa5 20. Bb6 Qb4 21.
g4 d4 22. gxf5 Qxb6 23. fxe6 fxe6 24. Ne2 Rc2 25. Qxd4 Rxb2 26. Qxb6 Rxb6 27.
Rfc1 O-O 28. Kf2 e5 29. Ke3 Re6 30. f5 Rd6 31. Ng3 Bxf5 32. Nxf5 Rxf5 33. Rc8+
Rf8 34. Rxf8+ Kxf8 35. Rb1 b5 36. Rc1 Kf7 37. Rc2 Kf6 38. Re2 g5 39. a3 Kf5 40.
Rf2+ Ke6 41. Rc2 Kd5 42. Rf2 Rh6 43. Kd2 Kd4 44. Re2 Rh4 45. Kc2 h6 46. Kd2 Rf4
47. Rg2 a5 48. Kc2 g4 49. Re2 h5 50. Kd2 h4 51. Rg2 b4 52. axb4 axb4 53. Kc2 g3
54. hxg3 Rg4 55. Rg1 hxg3 56. Kd2 g2 57. Ke2 b3 58. Kd2 b2 59. Kc2 b1=B+ 60.
Rxb1 g1=Q 61. Rb4+ Ke3 62. Rb5 Rg2+ 63. Kc3 Qc1+ 64. Kb4 Rb2+ 65. Ka5 Qc7+ 66.
Ka4 Qa7+ 67. Ra5 Qd4+ 68. Ka3 Qb4# 0-1

[Event "ICS rated blitz match"]
[Site "204.178.125.65"]
[Date "2000.07.06"]
[Round "?"]
[White "MissSilicon"]
[Black "Hossa"]
[Result "0-1"]
[WhiteElo "2671"]
[BlackElo "2531"]
[PlyCount "144"]
[EventDate "2000.??.??"]

1. c4 e5 2. Nc3 Qf6 3. Nf3 Nc6 4. d3 Qd8 5. e4 Nf6 6. Nd5 Bc5 7. Bg5 h6 8. Bxf6
gxf6 9. a3 d6 10. Be2 Nd4 11. Nxd4 Bxd4 12. Qd2 f5 13. O-O c6 14. Nc3 Qg5 15.
Qxg5 hxg5 16. Rac1 Ke7 17. b3 fxe4 18. dxe4 f5 19. Bd3 f4 20. Rfe1 g4 21. Rc2
g3 22. hxg3 fxg3 23. Nd1 Bg4 24. Ne3 gxf2+ 25. Rxf2 Rag8 26. a4 Rg7 27. b4 Rgh7
28. Rff1 Bd1 29. Rf5 Rh1+ 30. Kf2 Rxe1 31. Kxe1 Bxa4 32. Kd2 Rg8 33. Rf2 c5 34.
b5 Ke6 35. Bf1 a6 36. bxa6 bxa6 37. Rf3 Bxe3+ 38. Kxe3 Be8 39. g4 a5 40. Be2 a4
41. Kd2 Bc6 42. Ra3 Bxe4 43. Rxa4 Rb8 44. Ra3 Bc6 45. g5 Rg8 46. Rg3 Kf5 47.
Bg4+ Kf4 48. Be6 Rxg5 49. Rxg5 Kxg5 50. Ke3 Kg6 51. Kd3 Kf6 52. Bg8 e4+ 53. Kc3
Ke5 54. Bf7 d5 55. cxd5 Bxd5 56. Bh5 Kf4 57. Kd2 e3+ 58. Ke1 c4 59. Bd1 c3 60.
Ba4 Be4 61. Bb3 c2 62. Bxc2 Bxc2 63. Ke2 Bb1 64. Ke1 Kf3 65. Kf1 e2+ 66. Ke1
Ba2 67. Kd2 Kf2 68. Kc2 Be6 69. Kd3 e1=Q 70. Kc2 Ke3 71. Kb2 Qd1 72. Kc3 Qd2#
0-1

[Event "ICS rated blitz match"]
[Site "204.178.125.65"]
[Date "2000.07.06"]
[Round "?"]
[White "Hossa"]
[Black "MissSilicon"]
[Result "0-1"]
[WhiteElo "2553"]
[BlackElo "2649"]
[PlyCount "184"]
[EventDate "2000.??.??"]

1. e4 e5 2. Nf3 Nc6 3. Bb5 a6 4. Ba4 Nf6 5. O-O Be7 6. Re1 b5 7. Bb3 d6 8. c3
O-O 9. d4 Bg4 10. d5 Na5 11. Bc2 c6 12. a4 cxd5 13. exd5 Qb8 14. h3 Bh5 15. Bd3
Bxf3 16. Qxf3 Nb3 17. Ra2 Nxc1 18. Rxc1 bxa4 19. Bc2 Qb5 20. c4 Qb4 21. Bxa4
Rfc8 22. Bc6 Rab8 23. Qe3 Bd8 24. c5 Ne4 25. g3 Nxc5 26. Nd2 Ba5 27. Nc4 Bc7
28. Rc3 f6 29. Ra1 Kh8 30. Qe2 a5 31. Qe3 Bb6 32. Raa3 f5 33. Rc2 Rf8 34. Rc1
f4 35. gxf4 Rxf4 36. Nxb6 Qxb6 37. Rc2 Rb4 38. Qc3 a4 39. Qd2 Rxb2 40. Rxb2
Qxb2 41. Qxb2 Rxb2 42. Bxa4 h6 43. Bc6 Kh7 44. Kg2 Ne4 45. Rf3 Nf6 46. Ra3 Rd2
47. Ra8 Nxd5 48. Kg3 Rd3+ 49. Kh2 Kg6 50. Rf8 Nf6 51. Kg2 d5 52. Bb5 Rd2 53.
Rd8 d4 54. Kf1 Ne4 55. Be2 Rc2 56. h4 Kf7 57. Rd7+ Kf6 58. Rd8 Rc6 59. Bb5 Rc1+
60. Kg2 Rc5 61. Bd3 Nc3 62. Kf3 Rd5 63. Rc8 Rd6 64. Re8 e4+ 65. Rxe4 Nxe4 66.
Kxe4 Rd8 67. Kf4 Re8 68. Kg4 Ke5 69. h5 Rf8 70. f3 Rc8 71. f4+ Kd5 72. Kf3 Re8
73. Bg6 Re7 74. Kf2 Kc4 75. Bf5 d3 76. Bg4 Re4 77. Kf3 Re1 78. Kg2 d2 79. f5
d1=Q 80. Bxd1 Rxd1 81. Kf3 Rf1+ 82. Kg4 Kd4 83. f6 Rxf6 84. Kh4 Rf4+ 85. Kh3
Rf3+ 86. Kg2 Ke4 87. Kg1 Ke3 88. Kg2 Rf5 89. Kg3 Rg5+ 90. Kh2 Kf3 91. Kh1 Kf2
92. Kh2 Rxh5# 0-1

[Event "ICS rated blitz match"]
[Site "204.178.125.65"]
[Date "2000.07.06"]
[Round "?"]
[White "Tinker"]
[Black "Hossa"]
[Result "0-1"]
[WhiteElo "2475"]
[BlackElo "2541"]
[PlyCount "104"]
[EventDate "2000.??.??"]

1. e4 c5 2. Nf3 d6 3. Nc3 Nf6 4. Bc4 e6 5. O-O Be7 6. Qe2 O-O 7. d3 Nc6 8. Bb5
Bd7 9. Be3 a6 10. Bxc6 Bxc6 11. e5 Ng4 12. Bf4 Bxf3 13. Qxf3 Nxe5 14. Bxe5 dxe5
15. Qxb7 Rb8 16. Qxa6 Rxb2 17. Ne4 Rxc2 18. Rac1 Rxc1 19. Rxc1 Qb8 20. Qc4 Rc8
21. a4 Rd8 22. Qc2 Rd4 23. Rb1 Rb4 24. Nc3 Qd8 25. Re1 Rd4 26. Re3 Qb8 27. Nb5
Rd5 28. Qe2 Bg5 29. Rh3 Rd8 30. Qe4 g6 31. Qg4 Rd4 32. Qd1 Rb4 33. Nc3 Rb3 34.
Nb5 Rb2 35. Rf3 Bf4 36. Kh1 Ra2 37. Nc3 Rd2 38. Qe1 Rc2 39. Nd1 Qb1 40. g3 Rd2
41. Kg2 Rxd1 42. Qe2 Rg1+ 43. Kh3 Re1 44. Qxe1 Qxe1 45. gxf4 e4 46. dxe4 Qxe4
47. Kg3 Qxa4 48. Rc3 Qa1 49. Rc2 Qg1+ 50. Kh3 Qf1+ 51. Kh4 Qg2 52. Rb2 Qf3 {
Tinker resigns} 0-1

[Event "ICS rated blitz match"]
[Site "204.178.125.65"]
[Date "2000.07.06"]
[Round "?"]
[White "MissSilicon"]
[Black "Hossa"]
[Result "1-0"]
[WhiteElo "2661"]
[BlackElo "2554"]
[PlyCount "177"]
[EventDate "2000.??.??"]

1. e4 c5 2. Nf3 d6 3. d4 cxd4 4. Nxd4 Nf6 5. Nc3 e5 6. Bb5+ Bd7 7. Bxd7+ Qxd7
8. Nf5 Nc6 9. Bg5 Nxe4 10. Nxg7+ Bxg7 11. Nxe4 O-O 12. Nxd6 Nd4 13. c3 Qxd6 14.
cxd4 Qg6 15. Qd2 h6 16. Be7 Qxg2 17. O-O-O Rfc8+ 18. Kb1 exd4 19. Qf4 Qg6+ 20.
Ka1 Re8 21. Rhg1 Rxe7 22. Rxg6 fxg6 23. Qg4 Kf7 24. Rg1 g5 25. f4 Rae8 26. a3
Re1+ 27. Rxe1 Rxe1+ 28. Ka2 Bf6 29. Qh5+ Ke7 30. Qxh6 gxf4 31. Qxf4 Ke6 32. Qf3
Kf7 33. Qxb7+ Re7 34. Qd5+ Kg6 35. h4 Be5 36. Qc6+ Kf5 37. Qf3+ Bf4 38. h5 Ke5
39. Qe2+ Be3 40. Qc2 Rd7 41. Qc5+ Ke6 42. Qc6+ Rd6 43. Qe4+ Kf6 44. Qg6+ Ke5
45. Qg7+ Kf5 46. Qf8+ Rf6 47. Qc8+ Re6 48. Qd7 a6 49. Qd5+ Kf6 50. h6 Bxh6 51.
Qxd4+ Kf5 52. Qd5+ Kf6 53. b4 Be3 54. Qf3+ Kg6 55. Kb3 Kg5 56. Qf7 Rf6 57. Qd5+
Kf4 58. Kc2 Kg4 59. Kd3 Bf4 60. Qg2+ Bg3 61. Qe2+ Kg5 62. Kc4 Bf2 63. Qe5+ Rf5
64. Qg7+ Kh5 65. Qh7+ Kg5 66. Qg8+ Kf4 67. Qe6 a5 68. b5 Rc5+ 69. Kd3 Kg3 70.
b6 Rb5 71. Qd6+ Kh4 72. Qh2+ Kg5 73. Qg2+ Kf5 74. Qxf2+ Ke6 75. Kc4 Rb1 76.
Qe3+ Kf7 77. Qf3+ Kg7 78. Qg4+ Kf6 79. Qf4+ Kg7 80. Qg5+ Kh8 81. Qh6+ Kg8 82.
Qg6+ Kf8 83. Qf5+ Ke8 84. Qxb1 Ke7 85. Qg6 Kd7 86. Qf7+ Kd6 87. Qe8 a4 88. b7
Kc7 89. b8=Q# {Hossa checkmated} 1-0

[Event "ICS rated standard match"]
[Site "204.178.125.65"]
[Date "2000.07.06"]
[Round "?"]
[White "Hossa"]
[Black "Grok"]
[Result "1-0"]
[WhiteElo "2327"]
[BlackElo "2245"]
[PlyCount "57"]
[EventDate "2000.??.??"]

1. e4 c6 2. d4 d5 3. Nd2 dxe4 4. Nxe4 Bf5 5. Ng3 Bg6 6. h4 h6 7. Nh3 e6 8. Nf4
Bh7 9. Be3 Nf6 10. Bd3 Bxd3 11. Qxd3 Bd6 12. O-O-O O-O 13. Kb1 Na6 14. Qc3 Nd5
15. Qd2 Be7 16. Ngh5 Nab4 17. a3 Nxf4 18. Nxf4 Nd5 19. g4 Nxe3 20. fxe3 Bxh4
21. Qe2 Be7 22. Rh5 Qb6 23. Nd3 Bxa3 24. g5 hxg5 25. Rxg5 Rfd8 26. Qh5 Bf8 27.
Ne5 Rd7 28. Rh1 Qxb2+ 29. Kxb2 {Grok resigns} 1-0

[Event "ICS rated blitz match"]
[Site "204.178.125.65"]
[Date "2000.07.06"]
[Round "?"]
[White "Hossa"]
[Black "Amateur"]
[Result "0-1"]
[WhiteElo "2543"]
[BlackElo "2612"]
[PlyCount "122"]
[EventDate "2000.??.??"]

1. e4 e5 2. Nf3 Nc6 3. Bb5 a6 4. Ba4 Nf6 5. Bxc6 dxc6 6. O-O Bg4 7. h3 Bxf3 8.
Qxf3 Nd7 9. Qg3 Qf6 10. d4 Be7 11. dxe5 Qxe5 12. Qxe5 Nxe5 13. Rd1 Rd8 14.
Rxd8+ Kxd8 15. Be3 Kd7 16. Nd2 g5 17. Nb3 Nc4 18. Rd1+ Kc8 19. Bd4 Rd8 20. Rd3
Bd6 21. Bf6 Re8 22. Bxg5 Rxe4 23. f3 Re8 24. Bf6 Be5 25. Bxe5 Rxe5 26. Rd4 b5
27. Rg4 Nxb2 28. Rg7 h5 29. Rxf7 c5 30. g4 Nd1 31. gxh5 Rxh5 32. Kh2 Ne3 33.
Rf8+ Kb7 34. c3 Nd1 35. c4 Nc3 36. Nc1 Rh4 37. cxb5 axb5 38. Rf5 c4 39. Kg3 Rd4
40. Re5 Rd2 41. Kg4 Rc2 42. Re1 b4 43. h4 Nxa2 44. Nxa2 Rxa2 45. h5 b3 46. h6
Rh2 47. Kg5 b2 48. f4 c3 49. Rb1 Kc8 50. Kg6 Rh3 51. h7 c2 52. Rxb2 c1=Q 53.
Re2 Qc6+ 54. Kg7 Qh6+ 55. Kf7 Qxf4+ 56. Ke6 Qd6+ 57. Kf5 Rf3+ 58. Kg5 Qg3+ 59.
Kh6 Qh4+ 60. Kg7 Qg4+ 61. Kh6 Rh3# {Hossa checkmated} 0-1

[Event "ICS rated blitz match"]
[Site "204.178.125.65"]
[Date "2000.07.06"]
[Round "?"]
[White "The3rdEye"]
[Black "Hossa"]
[Result "0-1"]
[WhiteElo "2200"]
[BlackElo "2530"]
[PlyCount "194"]
[EventDate "2000.??.??"]

1. c4 e5 2. Nc3 Qf6 3. e4 Bc5 4. Nf3 Ne7 5. Be2 O-O 6. O-O Nec6 7. d3 d6 8. Bg5
Qe6 9. Nd5 Na6 10. Rb1 f5 11. exf5 Qxf5 12. a3 Be6 13. b4 Bxd5 14. cxd5 Ncxb4
15. axb4 Nxb4 16. Bh4 e4 17. dxe4 Qxe4 18. Bg3 Qxd5 19. Qxd5+ Nxd5 20. Rxb7 Kh8
21. Bc4 Nb6 22. Bb3 c6 23. Ng5 h6 24. Ne6 Rfe8 25. Nxg7 Reb8 26. Re7 Nc8 27.
Rf7 Rxb3 28. Nh5 Kg8 29. Rd7 Bd4 30. Bxd6 Rb5 31. Ng3 Rd5 32. Ne4 Nxd6 33. Rxd6
Rxd6 34. Nxd6 Kh7 35. Nf5 Bf6 36. Rc1 Rc8 37. Rc5 Kg6 38. g4 Kh7 39. h3 Rc7 40.
f4 Bb2 41. Kg2 Ba3 42. Rc3 Bb4 43. Rc4 a5 44. Ng3 c5 45. Ne4 a4 46. h4 a3 47.
Rc2 Ra7 48. Ra2 c4 49. Nf6+ Kg6 50. Nd5 Bf8 51. f5+ Kg7 52. Nc3 Ra5 53. Kf3 Bb4
54. Ne4 Kf7 55. Ke3 h5 56. g5 Rxf5 57. Kd4 Rf4 58. Kd5 Rxh4 59. Rf2+ Kg6 60.
Rf6+ Kg7 61. Ra6 Rg4 62. Ra7+ Kg6 63. Ra6+ Kf7 64. Ra7+ Kf8 65. Ra6 Be7 66.
Ra8+ Kg7 67. Ra7 Kf7 68. Ke5 Rg2 69. Nd6+ Kf8 70. Ne4 c3 71. Nxc3 Rxg5+ 72. Ke6
Rg6+ 73. Kf5 Rf6+ 74. Kg5 Ra6+ 75. Kf5 Rxa7 76. Nd5 Ra5 77. Ke6 Rxd5 78. Kxd5
Kf7 79. Kc6 Ke6 80. Kb5 Kd5 81. Ka4 Kc4 82. Ka5 Kb3 83. Kb6 Ka2 84. Kc6 Ka1 85.
Kd7 Bf6 86. Ke6 Bd4 87. Kd5 Be3 88. Ke4 Bc5 89. Kd5 a2 90. Kxc5 Kb2 91. Kd5 h4
92. Ke6 h3 93. Kd5 h2 94. Kd6 h1=Q 95. Kd7 a1=Q 96. Ke6 Qae1+ 97. Kd6 Qb7 {
The3rdEye resigns} 0-1

[Event "ICS rated blitz match"]
[Site "204.178.125.65"]
[Date "2000.07.06"]
[Round "?"]
[White "Hossa"]
[Black "Activeplayer"]
[Result "1-0"]
[WhiteElo "2530"]
[BlackElo "2257"]
[PlyCount "131"]
[EventDate "2000.??.??"]

1. e4 c6 2. d4 d5 3. Nd2 dxe4 4. Nxe4 Bf5 5. Ng3 Bg6 6. h4 h6 7. Nh3 Nf6 8. c3
e6 9. Nf4 Bh7 10. Bd3 Bxd3 11. Nxd3 Nbd7 12. Bf4 Be7 13. O-O O-O 14. Qd2 c5 15.
dxc5 Nxc5 16. Nxc5 Qxd2 17. Bxd2 Bxc5 18. Rad1 Rfd8 19. Bf4 a6 20. Bc7 Rxd1 21.
Rxd1 Rc8 22. Bf4 b5 23. a4 Nd5 24. axb5 axb5 25. Be5 f6 26. Bd4 Bxd4 27. Rxd4
Rc4 28. Rxc4 bxc4 29. Ne4 e5 30. g4 Nb6 31. Nc5 Kf7 32. Kf1 g6 33. Ke2 h5 34.
gxh5 gxh5 35. Kd2 f5 36. Kc2 Ke7 37. b4 cxb3+ 38. Kxb3 Kd6 39. Nb7+ Kd5 40. Na5
e4 41. c4+ Kc5 42. Nb7+ Kc6 43. Nd8+ Kd7 44. Nf7 f4 45. c5 Nd5 46. Kc4 Nf6 47.
Kd4 Kc6 48. Ne5+ Kc7 49. Nc4 f3 50. Ke5 Ng4+ 51. Kxe4 Nxf2+ 52. Kxf3 Ng4 53.
Na5 Ne5+ 54. Kf4 Nd3+ 55. Kg5 Nxc5 56. Kxh5 Kd6 57. Kg6 Ke7 58. h5 Ne6 59. Nc6+
Kf8 60. h6 Nf4+ 61. Kf5 Nh5 62. Nd8 Kg8 63. Kg5 Ng3 64. Kg6 Ne2 65. h7+ Kh8 66.
Nf7# 1-0